Wood bending handbook /

Bibliographic Details
Main Author: Stevens, William Cornwall
Corporate Author: Forest Products Research Laboratory (Princes Risborough, England)
Other Authors: Turner, Norma
Format: Book
Language:English
Published: London : H.M.S.O. [for the Forest Products Research Laboratory], 1970.
Subjects:

MARC

Tag First Indicator Second Indicator Subfields
LEADER 00000cam a2200000 4500
001 in00000094407
005 20150927110442.0
008 711020r19701948enka 00010 eng
010 |a  77851712  
015 |a B71-00175 
020 |a 0114701016  |c 1.75 
035 |a (OCoLC)00200305 
035 |9 AAL6272AM 
040 |a DLC  |c DLC  |d TXA  |d UtOrBLW 
049 |a TXAM  |c [1015054] 
050 0 0 |a TS852  |b .S75 1970 
082 0 |a 674/.8 
100 1 |a Stevens, William Cornwall. 
245 1 0 |a Wood bending handbook /  |c [by] W. C. Stevens and Norman Turner. 
264 1 |a London :  |b H.M.S.O. [for the Forest Products Research Laboratory],  |c 1970. 
300 |a 9 unnumbered pages, 110 pages :  |b illustrations ;  |c 31 cm. 
336 |a text  |b txt  |2 rdacontent 
337 |a unmediated  |b n  |2 rdamedia 
338 |a volume  |b nc  |2 rdacarrier 
500 |a At head of title: Ministry of Technology. 
500 |a First edition published in 1948 under title: Solid and laminated wood bending. 
650 0 |a Wood bending. 
700 1 |a Turner, Norma. 
710 2 |a Forest Products Research Laboratory (Princes Risborough, England) 
999 |a MARS 
999 f f |s 34682b1d-58e2-3454-aa59-5927d8d14a9b  |i b752af2a-49eb-3a7b-b617-e90f886f30f6  |t 0 
952 f f |p ric  |a Texas A&M University  |b Rellis Campus  |c Joint Library Facility  |d Remote Storage  |t 0  |e TS852 .S75 1970  |h Library of Congress classification  |i unmediated -- volume  |m A14805649759 
998 f f |a TS852 .S75 1970  |t 0  |l Remote Storage